Statistics for Foo Fighters Songs on the Billboard Hot 100 (USA)

Click here to take the quiz!

General Stats

  • This quiz has been taken 158 times
  • The average score is 6 of 10

Answer Stats

Peak Chart Position, YearAnswer% Correct
37, 2007The Pretender
84%
19, 2000Learn to Fly
81%
18, 2005Best of You
77%
43, 2002All My Life
65%
83, 2011Walk
62%
65, 2003Times Like These
60%
68, 2011Rope
53%
89, 2008Long Road to Ruin
46%
72, 2009Wheels
41%
68, 2005DOA
36%

Score Distribution

Percentile by Number Answered

Percent of People with Each Score

Your Score History

You have not taken this quiz